[Event "5th Iraq Int Open 2017"]
[Site "masterchessopen.com Baghdad IRQ"]
[Date "2017.03.19"]
[Round "6.11"]
[White "Mohammed,A2"]
[Black "Hadjiyev,S"]
[Result "1-0"]
[WhiteElo "2052"]
[BlackElo "2043"]

1.e4 c6 2.d4 d5 3.Nc3 dxe4 4.Nxe4 Nd7 5.Bc4 Ngf6 6.Ng5 e6 7.Ne2 h6 8.Nf3 Bd6
9.Bf4 Qc7 10.Bg3 b6 11.O-O Bb7 12.Re1 O-O 13.Nc3 a6 14.Qe2 Bxg3 15.hxg3 b5
16.Bd3 c5 17.dxc5 Nxc5 18.Qe5 Qc6 19.Bf1 b4 20.Ne2 Ncd7 21.Qf4 Qxc2 22.Qxb4
Bxf3 23.gxf3 Rfb8 24.Rec1 Qxc1 25.Qxb8+ Rxb8 26.Nxc1 Rxb2 27.Bxa6 Nc5 28.Bf1
Na4 29.Bc4 Nd5 30.Bb3 Ndc3 31.Kf1 Nc5 32.Ke1 Kf8 33.Bc4 Ke7 34.Ne2 Nxe2
35.Bxe2 Na4 36.Bc4 Nc3 37.a3 Kd6 38.Rc1 Rb1 39.Kd2 Rxc1 40.Kxc1 Kc5 41.Bb3 h5
42.Kb2 Nb5 43.f4 Kd4 44.Bc2 Nxa3 45.Kxa3 Kc3 46.Bb3 Kd2 47.f5 Ke2 48.Bxe6 f6
49.Bf7 Kxf2 50.Bxh5 Kxg3 51.Bg6 Kf4 52.Kb4 Ke5 53.Kc5 Kf4 54.Kd6 Ke4 {#r} 1-0

[Event "69th ch-MNE 2017"]
[Site "masterchessopen.com Bar MNE"]
[Date "2017.03.19"]
[Round "9.3"]
[White "Nikcevic,N"]
[Black "Sukovic,Andrej"]
[Result "0-1"]
[WhiteElo "2429"]
[BlackElo "2199"]

1.d4 Nf6 2.Nf3 g6 3.c4 Bg7 4.Nc3 O-O 5.e4 d6 6.Be2 e5 7.O-O Nc6 8.d5 Ne7 9.Nd2
a5 10.a3 Ne8 11.Rb1 f5 12.f3 f4 13.b4 g5 14.c5 Rf6 15.Nc4 Rh6 16.cxd6 Nxd6
17.Nxa5 Qe8 18.Rf2 Qh5 19.g4 fxg3 20.Rg2 Ng6 21.hxg3 Nf4 22.gxf4 exf4 23.Bf1
Qh1+ 24.Kf2 Qh4+ 25.Ke2 Bxc3 26.Rb3 Nxe4 27.Kd3 Nf2+ 28.Rxf2 Qxf2 29.Rxc3 Rh1
30.Rxc7 Rxf1 31.Qd2 Qxf3+ 32.Kc4 Rd1 33.Qc2 Qxd5+ 34.Kc3 Bf5 {#R} 0-1

[Event "69th ch-MNE 2017"]
[Site "masterchessopen.com Bar MNE"]
[Date "2017.03.19"]
[Round "9.4"]
[White "Kontic,D"]
[Black "Pecurica,M"]
[Result "1-0"]
[WhiteElo "2324"]
[BlackElo "2236"]

1.b4 e5 2.a3 d5 3.Bb2 Bd6 4.Nf3 Qe7 5.e3 Nf6 6.c4 c6 7.Qc2 O-O 8.Be2 Bg4 9.h3
Bh5 10.d3 a5 11.b5 Nbd7 12.g4 Bg6 13.Nh4 Rac8 14.bxc6 Rxc6 15.Nc3 dxc4 16.Nxg6
hxg6 17.dxc4 Nb6 18.g5 Nfd7 19.h4 Rfc8 20.h5 Nf8 21.Ne4 gxh5 22.Rxh5 Ng6
23.Nd2 Qe6 24.Rc1 Qe7 25.Ra1 Qe6 26.Rc1 Nd7 27.Qe4 b5 28.Bg4 Qe7 29.Ke2 R8c7
30.Rch1 Ndf8 31.Bf5 Qd8 32.R1h2 Bc5 33.Bxe5 Bd6 34.Qh1 f6 35.Qd5+ Rf7 36.gxf6
gxf6 37.Qxc6 Bxe5 38.Qd5 Qxd5 39.cxd5 Bxh2 40.Rxh2 Rb7 41.Ne4 Rb6 42.d6 Kf7
43.Rh1 Ne5 44.Rc1 Ne6 45.Rc7+ Nxc7 46.dxc7 Rc6 47.Nd6+ Kf8 48.Nxb5 {#r} 1-0

[Event "XXVII Paz de Ziganda 2017"]
[Site "masterchessopen.com Villava ESP"]
[Date "2017.03.19"]
[Round "7.2"]
[White "Jimenez Almeida,L"]
[Black "Gascon Del Nogal,Jose Rafael"]
[Result "0-1"]
[WhiteElo "2252"]
[BlackElo "2484"]

1.d4 Nf6 2.Nf3 g6 3.c4 Bg7 4.Nc3 O-O 5.e4 d6 6.Be2 e5 7.d5 a5 8.O-O Na6 9.Qc2
Nc5 10.Bg5 h6 11.Be3 Nh5 12.Rfe1 Nf4 13.Bf1 f5 14.Nd2 Na6 15.exf5 Bxf5 16.Nde4
g5 17.Qd2 b6 18.a3 Nc5 19.Nxc5 bxc5 20.Nb5 e4 21.Bxf4 gxf4 22.Nc3 e3 23.fxe3
fxe3 24.Rxe3 Bd4 25.Kh1 Bxe3 26.Qxe3 Qf6 27.Be2 Rae8 28.Qg3+ Kh8 29.Rf1 Qg5
30.Qxg5 hxg5 31.Bh5 Rb8 32.h3 Bd3 33.Rd1 Rf1+ 34.Rxf1 Bxf1 35.Nb5 Bxc4 36.Nxc7
Rxb2 37.Bf3 Bd3 {#R} 0-1

[Event "XXVII Paz de Ziganda 2017"]
[Site "masterchessopen.com Villava ESP"]
[Date "2017.03.19"]
[Round "7.3"]
[White "Reinaldo Castineira,R"]
[Black "Andres Gonzalez,I"]
[Result "1-0"]
[WhiteElo "2474"]
[BlackElo "2354"]

1.d4 Nf6 2.c4 c6 3.Nc3 d5 4.cxd5 cxd5 5.Bf4 Nc6 6.Nf3 Ne4 7.e3 Nxc3 8.bxc3 e6
9.Bd3 Bd6 10.O-O h6 11.Bxd6 Qxd6 12.Rc1 O-O 13.c4 dxc4 14.Rxc4 Bd7 15.Bb1 Rac8
16.Qd3 f5 17.Rfc1 Na5 18.Rxc8 Rxc8 19.Rxc8+ Bxc8 20.Qc3 Nc6 21.a3 Bd7 22.h4 b5
23.Ba2 a5 24.Qd3 Kh8 25.e4 fxe4 26.Qxe4 b4 27.Bb1 Kg8 28.Qh7+ Kf7 29.Bg6+ Kf6
30.Bh5 Qf8 31.axb4 axb4 32.Qe4 b3 33.Ne5 Qd6 34.Qf4+ {#r} 1-0

[Event "XXVII Paz de Ziganda 2017"]
[Site "masterchessopen.com Villava ESP"]
[Date "2017.03.19"]
[Round "8.1"]
[White "Gascon Del Nogal,Jose Rafael"]
[Black "Reinaldo Castineira,R"]
[Result "0-1"]
[WhiteElo "2484"]
[BlackElo "2474"]

1.e4 e5 2.Nf3 d6 3.d4 exd4 4.Qxd4 a6 5.Bg5 Nc6 6.Qd2 Be7 7.Bxe7 Qxe7 8.Nc3 Nf6
9.O-O-O Bg4 10.Qf4 O-O-O 11.h3 Bxf3 12.Qxf3 Kb8 13.g3 Rhe8 14.Bg2 Qe5 15.Rhe1
Qa5 16.Qe3 d5 17.Qg5 Re5 18.Qxg7 d4 19.Qxf6 Rd6 20.Qh8+ Rd8 21.Qxd8+ Nxd8
22.Rxd4 Nc6 23.Rd5 Qb6 24.Re2 Re8 25.Red2 Ne5 26.b3 c6 27.R5d4 c5 28.Rd6 Qb4
29.Nb1 c4 30.f4 Nd3+ 31.cxd3 Qxd6 32.dxc4 Qb6 33.Nc3 Qe3 34.Kc2 Qxg3 35.e5
Qxf4 36.Nd5 Qf5+ 37.Kb2 Qxe5+ 38.Ka3 Qd6+ 39.b4 Re3+ 40.Kb2 Qe5+ 41.Kc2 Ra3
{#R} 0-1

[Event "XXVII Paz de Ziganda 2017"]
[Site "masterchessopen.com Villava ESP"]
[Date "2017.03.19"]
[Round "8.3"]
[White "Huerga Leache,M"]
[Black "Garbisu de Goni,U"]
[Result "0-1"]
[WhiteElo "2449"]
[BlackElo "2423"]

1.Nf3 f5 2.d3 Nf6 3.e4 e5 4.Nxe5 Nc6 5.Nxc6 dxc6 6.e5 Qe7 7.d4 Ne4 8.Bd3 Be6
9.O-O O-O-O 10.c3 c5 11.Qa4 Kb8 12.f3 Ng5 13.Be3 Nf7 14.Bc4 f4 15.Bf2 g5
16.Nd2 Nxe5 17.Bxe6 Qxe6 18.Rfe1 Qc6 19.Qxc6 Nxc6 20.Ne4 cxd4 21.Nxg5 dxc3
22.Nf7 cxb2 23.Nxd8 bxa1=Q 24.Nxc6+ bxc6 25.Rxa1 a6 26.Rb1+ Kc8 27.Bd4 Rg8
28.Be5 Bd6 29.Bxd6 cxd6 30.Rb6 Kc7 31.Rxa6 c5 32.Ra4 Rf8 33.Kf2 Kb6 34.Ke2 d5
35.Kd3 Rg8 36.Rxf4 Rxg2 37.Rf5 Kc6 38.a4 c4+ 39.Kd4 Rd2+ 40.Kc3 Rxh2 41.Rf8
Ra2 42.Rc8+ Kb6 43.f4 Rf2 44.Kd4 Rxf4+ 45.Kxd5 h5 46.Ra8 c3 47.a5+ Kb7 48.Re8
c2 49.Re1 h4 50.Rc1 Rf2 51.Kc4 h3 52.Kc3 h2 53.Kb2 Rg2 54.Ra1 {#R} 0-1

[Event "XXVII Paz de Ziganda 2017"]
[Site "masterchessopen.com Villava ESP"]
[Date "2017.03.19"]
[Round "9.2"]
[White "Roldan Marques,Daniel"]
[Black "Del Rio de Angelis,S"]
[Result "0-1"]
[WhiteElo "2199"]
[BlackElo "2514"]

1.d4 e6 2.c4 b6 3.Nc3 Bb4 4.Qc2 Qf6 5.Nf3 Bb7 6.Bg5 Qg6 7.Qxg6 Bxc3+ 8.bxc3
hxg6 9.Rb1 d6 10.e3 f6 11.Bf4 Ne7 12.Bg3 Nd7 13.Bd3 Kf7 14.O-O Rh5 15.Nd2 Ra5
16.Rb2 Ba6 17.Rfb1 Ra3 18.Rc1 Rc8 19.Be4 Ra4 20.Rcc2 Bxc4 21.Nxc4 Rxc4 22.Bd3
Rc6 23.Bb5 Nb8 24.Bxc6 Nbxc6 25.c4 Ke8 26.c5 Kd7 27.cxd6 cxd6 28.f3 Rh8 29.Bf2
d5 30.h3 Na5 31.Be1 Nc4 32.Rb3 Nc6 33.Kf2 f5 34.a4 f4 35.Bd2 Rh4 36.Rd3 fxe3+
37.Bxe3 Nb4 38.Rdc3 Nxc2 39.Rxc2 Rh8 40.Ke2 Rc8 41.Bf4 a6 42.Ra2 Rf8 43.Bg3 g5
44.Kd3 Na5 45.Rc2 Nc4 46.Ra2 Rc8 47.Rc2 g6 48.Be1 Ra8 49.Ra2 Rb8 50.Bd2 Nxd2
51.Kxd2 Rc8 52.Rb2 Rc4 53.Kd3 Kc6 54.Ra2 a5 55.g3 Rb4 56.Kc3 Kd6 57.g4 e5
58.dxe5+ Kxe5 59.Re2+ Kd6 60.Ra2 Rf4 {#R} 0-1

[Event "Bundesliga 2016-17"]
[Site "masterchessopen.com Hamburg GER"]
[Date "2017.03.19"]
[Round "10.1"]
[White "Duda,J"]
[Black "Wojtaszek,R"]
[Result "1-0"]
[WhiteElo "2678"]
[BlackElo "2746"]
[EventType "team"]

1.e4 c5 2.Nf3 d6 3.Nc3 Nf6 4.d4 cxd4 5.Nxd4 a6 6.Be3 e5 7.Nb3 Be6 8.f3 Be7
9.Qd2 O-O 10.O-O-O Nbd7 11.g4 b5 12.g5 b4 13.Ne2 Ne8 14.f4 a5 15.f5 a4 16.fxe6
axb3 17.exf7+ Rxf7 18.Kb1 bxc2+ 19.Qxc2 Bxg5 20.Bxg5 Qxg5 21.Ng3 Kh8 22.Bc4
Rf8 23.Nf5 Ndf6 24.h4 Qh5 25.Be6 Ra7 26.Qf2 Rc7 27.Ng3 Qh6 28.Rdf1 g6 29.h5
Ng7 30.hxg6 Qxg6 31.Bb3 Rcc8 32.Ka1 Qg5 33.Qe1 Ng4 34.Nf5 Nxf5 35.exf5 Rc5
36.Qxb4 Rfc8 37.a3 Ne3 38.Rfg1 Qxf5 39.Qb7 Ng4 40.Be6 {#r} 1-0

[Event "Bundesliga 2016-17"]
[Site "masterchessopen.com Hamburg GER"]
[Date "2017.03.19"]
[Round "10.1"]
[White "Adams,Mi"]
[Black "Miton,K"]
[Result "1-0"]
[WhiteElo "2745"]
[BlackElo "2612"]
[EventType "team"]

1.e4 e5 2.Nf3 Nc6 3.Bb5 a6 4.Ba4 Nf6 5.O-O Be7 6.d3 d6 7.c3 O-O 8.Re1 Nd7
9.Be3 Bf6 10.Nbd2 b5 11.Bc2 Bb7 12.Nf1 Ne7 13.Ng3 g6 14.d4 Bg7 15.Qd2 Nc8
16.Bg5 f6 17.Bb3+ Kh8 18.Bh6 Ncb6 19.h4 Qe7 20.h5 Bxh6 21.Qxh6 Qg7 22.Qd2 f5
23.Qg5 f4 24.h6 Qf6 25.Nf1 a5 26.a4 Nxa4 27.Bxa4 bxa4 28.Rxa4 exd4 29.cxd4 c5
30.N1d2 Bc6 31.Ra3 Qxg5 32.Nxg5 cxd4 33.Rd3 Rab8 34.Rxd4 Rxb2 35.Rc1 Ne5
36.Rxd6 a4 37.Ndf3 Nxf3+ 38.gxf3 Be8 39.Rc7 Rb5 40.Rxh7+ Kg8 41.Rg7+ Kh8
42.Nh7 Rf7 43.Nf6 Rg5+ 44.Kh2 Rxg7 45.hxg7+ Kxg7 46.Nxe8+ Kf7 47.Nc7 Ra5
48.Rd5 Rxd5 49.Nxd5 a3 50.Nc3 Kf6 51.Kg2 {#r} 1-0

[Event "Bundesliga 2016-17"]
[Site "masterchessopen.com Hamburg GER"]
[Date "2017.03.19"]
[Round "10.1"]
[White "Rogozenco,D"]
[Black "Meier,Geo"]
[Result "0-1"]
[WhiteElo "2483"]
[BlackElo "2648"]
[EventType "team"]

1.d4 e6 2.c4 b6 3.e4 Bb7 4.Bd3 Bb4+ 5.Kf1 Be7 6.Nf3 d6 7.Nc3 Nd7 8.h3 Bf6
9.Qc2 Ne7 10.Be3 c5 11.d5 Ng6 12.Rd1 Qe7 13.Be2 O-O 14.h4 Nge5 15.g3 Nxf3
16.Bxf3 Rae8 17.Kg2 Bxc3 18.Qxc3 Ne5 19.Bf4 Nxf3 20.Qxf3 f5 21.Rhe1 fxe4
22.Qxe4 Qf7 23.Qd3 exd5 24.cxd5 Bxd5+ 25.f3 Ba8 26.Qxd6 h6 27.Rxe8 Rxe8 28.Qd3
Qxa2 29.Rd2 Qf7 30.Re2 Rxe2+ 31.Qxe2 Bc6 32.Qe5 Qb3 33.Qc3 Qxc3 34.bxc3 a5
35.Kf2 a4 36.Bc1 Bb5 37.Ke3 Kf7 38.Ke4 Ke6 39.Ba3 Bc6+ 40.Kd3 Bxf3 41.c4 h5
42.Bc1 Kd7 43.Bb2 g6 44.Bc1 Kc6 45.Kc3 Be2 46.Bb2 Bxc4 47.Kxc4 b5+ 48.Kd3 Kd5
49.Bg7 b4 50.Bf8 a3 51.Kc2 Kc4 52.Bg7 Kb5 53.Kb3 c4+ 54.Ka2 Ka4 55.Bf6 c3
56.Kb1 Kb3 57.Be7 c2+ 58.Kc1 Kc3 59.Bf6+ Kd3 60.Be7 a2 61.Bf6 b3 62.Bg7 Ke4
63.Kd2 Kf5 64.Bd4 g5 65.hxg5 Kxg5 66.Bc3 Kg4 67.Be5 Kf3 68.Kc1 a1=Q+ {#R} 0-1

[Event "Bundesliga 2016-17"]
[Site "masterchessopen.com Hamburg GER"]
[Date "2017.03.19"]
[Round "10.1"]
[White "Gustafsson,J"]
[Black "Kollars,Dmitrij"]
[Result "1-0"]
[WhiteElo "2628"]
[BlackElo "2491"]
[EventType "team"]

1.g3 Nf6 2.Bg2 g6 3.d4 Bg7 4.e4 d6 5.Ne2 O-O 6.O-O e5 7.Nbc3 Nc6 8.dxe5 dxe5
9.Bg5 Qxd1 10.Rfxd1 h6 11.Be3 Rd8 12.Rxd8+ Nxd8 13.Rd1 Ne6 14.Nd5 h5 15.Ne7+
Kf8 16.Nxc8 Rxc8 17.f3 a6 18.h4 Ke7 19.Bh3 Rh8 20.Nc1 Bh6 21.Bxh6 Rxh6 22.Bxe6
Kxe6 23.Rd8 Nd7 24.Nb3 f5 25.Re8+ Kd6 26.Na5 fxe4 27.fxe4 b6 28.Nc4+ Kc5
29.Nxe5 Nxe5 30.Rxe5+ Kd4 31.Re7 g5 32.hxg5 Rg6 33.Rxc7 Rxg5 34.Kf2 Kxe4
35.Rc6 Rd5 36.Ke2 Rb5 37.b3 a5 38.a4 Rg5 39.Rxb6 Rxg3 40.Rh6 Rg2+ 41.Kd1 Rg5
42.Kd2 Kf4 43.Kc3 Rf5 44.Kd4 Kg5 45.Rh8 h4 46.c4 Rf4+ 47.Kc5 Rf3 48.Kb5 Rxb3+
49.Kxa5 h3 50.c5 Kg4 51.c6 Rc3 52.Kb5 Rb3+ 53.Kc4 Rb1 54.a5 Ra1 55.Kb5 Rb1+
56.Ka6 Rc1 57.Kb6 Rb1+ 58.Ka7 Rc1 59.Rh6 Kg3 60.a6 {#r} 1-0

[Event "Bundesliga 2016-17"]
[Site "masterchessopen.com Hamburg GER"]
[Date "2017.03.19"]
[Round "10.2"]
[White "Kantans,T"]
[Black "McShane,L"]
[Result "1-0"]
[WhiteElo "2476"]
[BlackElo "2655"]
[EventType "team"]

1.e4 e5 2.Nf3 Nc6 3.Bb5 Nf6 4.O-O Nxe4 5.Re1 Nd6 6.Nxe5 Be7 7.Bf1 Nf5 8.Nf3 d5
9.d4 O-O 10.c3 Bd6 11.Na3 Bxa3 12.bxa3 Nfe7 13.Rb1 b6 14.h3 Bf5 15.Rb2 Qd6
16.a4 Ng6 17.Rbe2 Bd7 18.Ne5 Ncxe5 19.dxe5 Qc6 20.Rd2 Qxc3 21.Rd3 Qa5 22.Rxd5
Bxa4 23.Rxa5 Bxd1 24.Ra3 Bc2 25.g4 Ne7 26.Bg5 Rfe8 27.Bg2 c6 28.Rc1 Bg6 29.f4
h6 30.Bh4 Bh7 31.f5 g6 32.f6 Nd5 33.Bg3 Re6 34.Bxd5 cxd5 35.Rxa7 Rf8 36.Rcc7
g5 37.Re7 Rc6 38.e6 Rc1+ 39.Kf2 Rc2+ 40.Ke1 Bg6 41.Rec7 Rg2 42.e7 Re8 43.Rd7
Bd3 44.Rd8 Bb5 45.Rxe8+ Bxe8 46.Ra8 {#r} 1-0

[Event "Bundesliga 2016-17"]
[Site "masterchessopen.com Hamburg GER"]
[Date "2017.03.19"]
[Round "10.2"]
[White "Bluebaum,M"]
[Black "Meskovs,N"]
[Result "1-0"]
[WhiteElo "2642"]
[BlackElo "2483"]
[EventType "team"]

1.d4 Nf6 2.c4 e6 3.Nf3 b6 4.g3 Ba6 5.b3 Bb4+ 6.Bd2 Be7 7.Nc3 d5 8.cxd5 exd5
9.Bg2 O-O 10.O-O Re8 11.Rc1 Nbd7 12.Rc2 Nf8 13.Ne5 Bb7 14.Bc1 Ne6 15.Bb2 a6
16.e3 Ra7 17.Na4 c5 18.dxc5 bxc5 19.Nd3 Nd7 20.Ba3 Qa5 21.Bxc5 Ndxc5 22.Naxc5
Nxc5 23.b4 Qa3 24.bxc5 Rc8 25.Qd2 Ba8 26.Rb1 Rac7 27.Rb3 Qa4 28.Qb4 Qe8 29.Qa5
Bc6 30.Bh3 d4 31.exd4 Bf6 32.Ne5 Bxe5 33.Re2 Qd8 34.Rxe5 Qxd4 35.Qxc7 {#r} 1-0

[Event "Bundesliga 2016-17"]
[Site "masterchessopen.com Hamburg GER"]
[Date "2017.03.19"]
[Round "10.2"]
[White "Edouard,R"]
[Black "Shytaj,L"]
[Result "1-0"]
[WhiteElo "2628"]
[BlackElo "2437"]
[EventType "team"]

1.c4 b6 2.d4 e6 3.e4 Bb7 4.Bd3 Bb4+ 5.Kf1 f5 6.exf5 Nf6 7.c5 bxc5 8.a3 c4
9.Bxc4 Be7 10.fxe6 dxe6 11.Nf3 Bd5 12.Qe2 Nc6 13.Bxd5 Qxd5 14.Nc3 Qd7 15.Bg5
O-O 16.Rd1 Nd5 17.Bxe7 Ncxe7 18.Ne5 Qc8 19.Nxd5 Nxd5 20.Nd3 Rb8 21.h4 Qa6
22.h5 Rf6 23.Rh4 Rb3 24.Rd2 Qc4 25.Re4 Rb6 26.g3 a5 27.Rc2 Qb5 28.Nc5 Qe8
29.Re5 Qf7 30.Qe4 Rf5 31.Re2 Qxh5 32.Rxe6 Nf6 33.Qa8+ Kf7 34.Rxb6 cxb6 35.Ne6
Qh3+ 36.Ke1 Qh6 37.Qc6 Rd5 38.Qc7+ Rd7 39.Qc2 Qh1+ 40.Kd2 Qd5 41.Qc8 Qb5
42.Ke1 h6 43.Qh8 Nh5 44.Ng5+ {#r} 1-0

[Event "Bundesliga 2016-17"]
[Site "masterchessopen.com Hamburg GER"]
[Date "2017.03.19"]
[Round "10.2"]
[White "Smerdon,D"]
[Black "Commercon,S"]
[Result "1-0"]
[WhiteElo "2527"]
[BlackElo "2266"]
[EventType "team"]

1.e4 e5 2.Nf3 Nc6 3.d4 exd4 4.Nxd4 Nf6 5.Nc3 Bb4 6.Nxc6 bxc6 7.Bd3 d5 8.exd5
cxd5 9.O-O O-O 10.Bg5 c6 11.Qf3 h6 12.Bxf6 Qxf6 13.Qxf6 gxf6 14.Ne2 Re8 15.Ng3
Kf8 16.c3 Bd6 17.Nh5 Be7 18.h3 Rb8 19.b3 Bd8 20.Rae1 Re5 21.Ng3 Ba5 22.Rc1 Bd7
23.Be2 Rbe8 24.Bf3 f5 25.Rfd1 Bb6 26.Kf1 Kg7 27.Nh5+ Kg6 28.c4 Be6 29.Nf4+ Kg5
30.Nd3 Re4 31.Bxe4 dxe4 32.Ne5 Rc8 33.Nd7 f4 34.Nxb6 axb6 35.Rd4 Bf5 36.Ke2
Kf6 37.Rd6+ Be6 38.c5 b5 39.f3 Rg8 40.fxe4 Rxg2+ 41.Kf3 Rxa2 42.Rxc6 Ke5
43.Rxe6+ fxe6 44.c6 Ra8 45.c7 Rc8 46.Rc6 b4 47.h4 h5 48.Rc4 Kd6 49.Kxf4 Rxc7
50.Rxc7 Kxc7 51.Kg5 Kd6 52.Kxh5 Ke5 53.Kg5 {#r} 1-0

[Event "Bundesliga 2016-17"]
[Site "masterchessopen.com Solingen GER"]
[Date "2017.03.19"]
[Round "10.3"]
[White "Navara,D"]
[Black "Tomashevsky,E"]
[Result "1-0"]
[WhiteElo "2737"]
[BlackElo "2724"]
[EventType "team"]

1.d4 Nf6 2.c4 e6 3.Nc3 Bb4 4.e3 c5 5.Ne2 cxd4 6.exd4 d5 7.c5 Ne4 8.Bd2 Nxd2
9.Qxd2 b6 10.a3 Bxc3 11.Nxc3 a5 12.Bb5+ Bd7 13.O-O bxc5 14.dxc5 a4 15.Bxd7+
Qxd7 16.f4 d4 17.Ne4 O-O 18.f5 f6 19.fxe6 Qxe6 20.Qxd4 Nc6 21.Qd3 Rab8 22.Rae1
Ne5 23.Qd4 Qb3 24.Nd6 h6 25.Rf2 Ra8 26.Re3 Qe6 27.h3 Rfd8 28.Rc2 Ra7 29.Qe4
Kh8 30.Kh2 Rc7 31.Rec3 Qd7 32.Rd2 Qc6 33.Rd5 Rb8 34.Nc4 Nxc4 35.Rxc4 Re8
36.Qd4 Rce7 37.Rd6 Qc7 38.Rxa4 Re4 39.Qd1 Re2 40.Qd5 Rxb2 41.Ra8 Rxa8 42.Qxa8+
Rb8 43.Qc6 Qxc6 44.Rxc6 Ra8 45.Kg3 Rxa3+ 46.Kf4 Kg8 47.Rc7 Kf8 48.c6 Rc3
49.Kf5 Ke8 50.Ke6 Kd8 51.Rd7+ Kc8 52.Rxg7 Rxc6+ 53.Kf5 Kd8 54.Rh7 Ke8 55.Rxh6
{#r} 1-0

[Event "Bundesliga 2016-17"]
[Site "masterchessopen.com Solingen GER"]
[Date "2017.03.19"]
[Round "10.3"]
[White "Buhmann,R"]
[Black "Zelbel,P"]
[Result "0-1"]
[WhiteElo "2633"]
[BlackElo "2452"]
[EventType "team"]

1.Nf3 c5 2.c4 Nc6 3.d4 cxd4 4.Nxd4 e6 5.Nc3 Bc5 6.Ndb5 Nf6 7.Bf4 O-O 8.Bc7 Qe7
9.Bd6 Bxd6 10.Qxd6 Qd8 11.e4 a6 12.Na3 Qb6 13.Qd2 Rd8 14.Be2 d5 15.exd5 exd5
16.cxd5 Be6 17.Nc4 Qc5 18.Ne3 Nxd5 19.Ncxd5 Bxd5 20.Rc1 Qd4 21.Qxd4 Nxd4 22.b3
Re8 23.Rg1 Rad8 24.g4 Bf3 25.Bc4 Nc2+ 26.Kf1 Nxe3+ 27.fxe3 Rd2 28.Rg3 Bc6
29.Bxa6 Ra8 30.Bc4 Raxa2 31.Ke1 Rxh2 32.Bd5 h5 33.Bxc6 bxc6 34.Kf1 h4 {#R} 0-1

[Event "Bundesliga 2016-17"]
[Site "masterchessopen.com Solingen GER"]
[Date "2017.03.19"]
[Round "10.3"]
[White "Hausrath,D"]
[Black "Saric,Iv"]
[Result "0-1"]
[WhiteElo "2481"]
[BlackElo "2666"]
[EventType "team"]

1.Nf3 g6 2.g3 Bg7 3.d4 c5 4.c3 Qa5 5.Nbd2 cxd4 6.Nb3 Qd8 7.Nfxd4 Nf6 8.Bg2 O-O
9.O-O d5 10.Bg5 h6 11.Bxf6 Bxf6 12.e4 dxe4 13.Bxe4 Nd7 14.Qc2 Qb6 15.a4 a5
16.Rfe1 Ne5 17.c4 Rd8 18.Nb5 Be6 19.c5 Bxb3 20.Qxb3 Qxc5 21.Rad1 Rab8 22.Kg2
e6 23.Re2 Rxd1 24.Qxd1 Rd8 25.Qc2 Qb4 26.b3 Kg7 27.Bxb7 Nd3 28.Qc4 Nc5 29.Bf3
Nxb3 30.Qc7 Qc5 31.Qb7 Qe7 32.Qb6 Nd2 33.Bc6 Nc4 34.Qa6 Qc5 35.Nc7 Be5 36.Ne8+
Kf8 37.Qb5 Bd4 38.Qxc5+ Bxc5 39.Rc2 Ne5 40.Rxc5 Nxc6 41.Nc7 Nb4 42.Rxa5 Rd2
43.Kf3 Ke7 44.Ra8 Ra2 45.a5 Nc6 46.a6 Ra5 47.Ke3 h5 48.h4 Kd6 49.Ne8+ Ke5
50.f4+ Kf5 51.Nd6+ Kg4 52.Nxf7 Kxg3 53.Nh8 Ra3+ 54.Ke4 Kf2 55.f5 gxf5+ 56.Kf4
Rg3 {#R} 0-1

[Event "Bundesliga 2016-17"]
[Site "masterchessopen.com Solingen GER"]
[Date "2017.03.19"]
[Round "10.3"]
[White "Balogh,C"]
[Black "Dinstuhl,V"]
[Result "1-0"]
[WhiteElo "2621"]
[BlackElo "2409"]
[EventType "team"]

1.e4 g6 2.d4 Bg7 3.Nc3 d6 4.Bg5 a6 5.a4 Nc6 6.Nge2 Nf6 7.Qd2 h6 8.Bf4 e5
9.dxe5 dxe5 10.Qxd8+ Kxd8 11.O-O-O+ Bd7 12.Bd2 Kc8 13.f3 Rd8 14.Be3 Be6
15.Rxd8+ Kxd8 16.g3 Ke8 17.Bg2 Rd8 18.Rd1 Rxd1+ 19.Nxd1 Bf8 20.Nf2 Nd7 21.Nd3
h5 22.f4 Bc4 23.Bh3 Kd8 24.Kd2 Bxd3 25.cxd3 Bc5 26.Nc3 Bxe3+ 27.Kxe3 Nf6
28.Ne2 b6 29.b3 Ke7 30.Bc8 a5 31.h3 Nd7 32.fxe5 Ncxe5 33.d4 Nc6 34.e5 Nb4
35.Ke4 c6 36.Nf4 Nf8 37.h4 Na2 38.d5 Nc3+ 39.Kd4 Nxd5 40.Nxd5+ cxd5 41.Kxd5
Nd7 42.Ba6 Nc5 43.Bc4 Kd7 44.Bb5+ Ke7 45.Kc6 Nxb3 46.Kxb6 f6 47.Bc4 Nd2 48.Bd3
fxe5 49.Bxg6 Nf1 50.Kxa5 Nxg3 51.Kb6 e4 52.a5 e3 53.Bd3 {#r} 1-0

[Event "Bundesliga 2016-17"]
[Site "masterchessopen.com Solingen GER"]
[Date "2017.03.19"]
[Round "10.3"]
[White "Beerdsen,Thomas"]
[Black "Wagner,De"]
[Result "1-0"]
[WhiteElo "2404"]
[BlackElo "2543"]
[EventType "team"]

1.e4 e5 2.Nf3 Nc6 3.Bb5 a6 4.Ba4 Nf6 5.d3 b5 6.Bb3 Be7 7.a4 b4 8.O-O O-O 9.a5
d6 10.Nbd2 Rb8 11.Nc4 Bg4 12.Be3 Nd7 13.Ba4 Nd4 14.Bxd4 exd4 15.h3 Bxf3
16.Qxf3 Nc5 17.Bc6 b3 18.cxb3 Rxb3 19.Rad1 Bf6 20.Qe2 g6 21.f4 Bg7 22.f5 Nd7
23.Bxd7 Qxd7 24.f6 Bh6 25.Qf2 Rd8 26.Qxd4 c6 27.Kh1 Rb5 28.Qc3 Qe6 29.Rde1
Rdb8 30.e5 Rb3 31.Qc2 d5 32.Nd6 c5 33.Qxc5 Rxd3 34.Nxf7 Rxh3+ 35.Kg1 Bf8
36.Nd6 Rh5 37.Qd4 Rg5 38.f7+ Kh8 39.Ne8 Rxb2 40.Qxb2 Bc5+ 41.Rf2 Rxg2+ 42.Kxg2
Qg4+ 43.Kf1 Qh3+ 44.Ke2 Qg4+ 45.Kd2 Bb4+ 46.Kc2 Qc4+ 47.Kb1 {#r} 1-0

[Event "Bundesliga 2016-17"]
[Site "masterchessopen.com Solingen GER"]
[Date "2017.03.19"]
[Round "10.4"]
[White "Rapport,R"]
[Black "Krassowizkij,J"]
[Result "1-0"]
[WhiteElo "2729"]
[BlackElo "2438"]
[EventType "team"]

1.e4 e6 2.d4 d5 3.Nc3 Nf6 4.exd5 exd5 5.Bg5 Be7 6.Qd2 h6 7.Bf4 Bf5 8.f3 Nc6
9.g4 Be6 10.h4 Nd7 11.O-O-O a6 12.Qh2 Rc8 13.Nge2 Nb6 14.Bg3 Bd6 15.Nf4 Bxf4+
16.Bxf4 h5 17.Qg3 hxg4 18.fxg4 g5 19.Bxg5 Qxg5+ 20.hxg5 Rxh1 21.g6 fxg6 22.Qf3
Rh8 23.Qf6 Kd7 24.Re1 Rhe8 25.Bh3 Re7 26.Rxe6 Rxe6 27.g5 Re8 28.Ne2 Kd6
29.Qf4+ Kd7 30.Qf7+ Kd6 31.Bxe6 Rxe6 32.Nf4 {#r} 1-0

[Event "Bundesliga 2016-17"]
[Site "masterchessopen.com Solingen GER"]
[Date "2017.03.19"]
[Round "10.4"]
[White "Grabarczyk,M"]
[Black "Ragger,M"]
[Result "0-1"]
[WhiteElo "2441"]
[BlackElo "2700"]
[EventType "team"]

1.d4 Nf6 2.c4 g6 3.Nf3 Bg7 4.g3 d5 5.cxd5 Nxd5 6.Bg2 O-O 7.O-O Nc6 8.Nc3 Bf5
9.Re1 Qd7 10.e4 Nxc3 11.bxc3 Bg4 12.Qd3 Na5 13.Ba3 Rfe8 14.Bb4 Nc6 15.Ba3 b6
16.Nd2 Na5 17.Nb3 Qa4 18.Nxa5 Qxa5 19.Bb4 Qa4 20.e5 Rac8 21.Bb7 a5 22.Bxc8
Bxc8 23.Bxe7 Rxe7 24.d5 Rxe5 {#R} 0-1

[Event "Bundesliga 2016-17"]
[Site "masterchessopen.com Solingen GER"]
[Date "2017.03.19"]
[Round "10.4"]
[White "Van Kampen,R"]
[Black "Jarmula,L"]
[Result "1-0"]
[WhiteElo "2643"]
[BlackElo "2466"]
[EventType "team"]

1.c4 e5 2.g3 Nf6 3.Bg2 h6 4.Nc3 Bb4 5.d3 Bxc3+ 6.bxc3 O-O 7.e4 d6 8.Ne2 a6
9.a4 Nbd7 10.O-O Nc5 11.f4 b6 12.h3 Bb7 13.g4 Qd7 14.Ng3 Bc6 15.fxe5 dxe5
16.Rxf6 gxf6 17.d4 exd4 18.cxd4 Nb3 19.Qxb3 Qxd4+ 20.Kh2 Qxa1 21.Bb2 {#r} 1-0

[Event "Bundesliga 2016-17"]
[Site "masterchessopen.com Solingen GER"]
[Date "2017.03.19"]
[Round "10.4"]
[White "Walter,S2"]
[Black "Predojevic,B"]
[Result "0-1"]
[WhiteElo "2406"]
[BlackElo "2640"]
[EventType "team"]

1.d4 d6 2.c4 e5 3.d5 Be7 4.Nc3 Bg5 5.Bxg5 Qxg5 6.Nf3 Qd8 7.g3 f5 8.Bg2 Nh6
9.O-O O-O 10.b4 Nd7 11.Rc1 Nf7 12.Nd2 b6 13.Nb3 Nf6 14.c5 f4 15.Qd2 Ng5
16.cxd6 cxd6 17.Qd3 Qe8 18.Nd2 Nh3+ 19.Kh1 Qh5 20.Nce4 Bf5 21.Nxf6+ Rxf6
22.Bf3 Qh6 23.Qc3 Rc8 24.Qb2 Rcf8 25.Rcd1 e4 {#R} 0-1

[Event "Bundesliga 2016-17"]
[Site "masterchessopen.com Solingen GER"]
[Date "2017.03.19"]
[Round "10.4"]
[White "Smeets,J"]
[Black "Baskin,R"]
[Result "1-0"]
[WhiteElo "2598"]
[BlackElo "2402"]
[EventType "team"]

1.e4 e6 2.d4 d5 3.Nc3 Nf6 4.Bg5 dxe4 5.Nxe4 Be7 6.Bxf6 gxf6 7.Nc3 b6 8.Qf3 c6
9.O-O-O Bb7 10.Qh5 Qd6 11.Nf3 Nd7 12.g3 h6 13.Bc4 Kf8 14.Rhe1 f5 15.Ne2 Nf6
16.Qh3 b5 17.Bb3 c5 18.dxc5 Qxc5 19.Nfd4 Nd5 20.Nxe6+ fxe6 21.Nd4 Nc7 22.Rxe6
Rd8 23.Qh5 Rd5 24.Bxd5 Qxd5 25.Rxe7 {#r} 1-0